| 000 | 02360nam0a2200445 4500 | ||
|---|---|---|---|
| 001 | RU\NLR\bibl\1761001 | ||
| 005 | 20260601080641.0 | ||
| 010 |
_a978-5-8057-0749-1 _91000 |
||
| 021 |
_aRU _b2011-25297 _91799 |
||
| 035 | _a(nilc)RSL-KNO-004925775 | ||
| 035 | _a(NLR Aleph) 001751817 | ||
| 090 |
_a1523626 _c1523625 |
||
| 100 | _a20110411d2011 |||y0rusy50 ca | ||
| 101 | 0 | _arus | |
| 102 | _aRU | ||
| 105 | _aa ||||||||| | ||
| 200 | 1 |
_aСовременные проблемы физико-математического образования: вопросы теории и практики _eмонография _f[Л.В. Воронина, к.п.н., доц., В.А. Далингер, А.Л. Жохов, доктора пед. наук, профессора и др.] _gпод общ. ред. д.п.н., проф. И.Г. Липатниковой _gМ-во образования и науки Рос. Федерации, Гос. образоват. учреждение высш. проф. образования "Ур. гос. пед. ун-т" |
|
| 210 |
_aЕкатеринбург _cУрГПУ _d2011 |
||
| 215 |
_a291 с. _cил. _d21 |
||
| 300 | _aАвт. указаны на обороте тит. л. | ||
| 320 | _aБиблиогр. в конце гл. | ||
| 606 |
_aФизико-математическое образование _92495042 _3RU\NLR\auth\661480160 |
||
| 686 |
_aЧ426.24,6(2),0 _2rubbk |
||
| 686 |
_aЧ426.51,6(2),0 _2rubbk |
||
| 686 |
_aВ.р(2)3,0 _2rubbk |
||
| 686 | _aЧ488.2 | ||
| 701 | 1 |
_4070 _7ca _8rus _aВоронина _bЛ. В. _f1969- _gЛюдмила Валентиновна _9156530 _3RU\NLR\AUTH\770156569 |
|
| 701 | 1 |
_4070 _7ca _8rus _aДалингер _bВ. А. _f1950- _gВиктор Алексеевич _98825 _3RU\NLR\auth\7725780 |
|
| 701 | 1 |
_aЖохов _bА. Л. _gАркадий Львович _4070 |
|
| 702 | 1 |
_aЛипатникова _bИ. Г. _gИрина Геннадьевна _4340 |
|
| 712 | 0 | 2 |
_4570 _aУральский государственный педагогический университет _cЕкатеринбург _9586287 _3RU\NLR\AUTH\8810043382 |
| 801 | 0 |
_aRU _bRuMoRKP _c20110411 _grcr |
|
| 801 | 1 |
_aRU _bРГБ _c20110411 |
|
| 801 | 2 |
_aRU _bNLR _c20110419 _grcr |
|
| 830 | _aавт. по кн. | ||
| 942 | _cBOOK | ||
| 980 | _aNB | ||
| 980 | _aNBR | ||